[Event "Detroit (MI Op/5/14)"]
[Site "?"]
[Date "1992.??.??"]
[Round "?"]
[White "Kulbacki, James"]
[Black "Thomas, C."]
[Result "1/2-1/2"]
[WhiteElo "1990"]
[BlackElo "2100"]
[PlyCount "93"]
[EventDate "1992.??.??"]

{5/(14)} 1. d4 Nf6 2. Nf3 d6 3. Bf4 Bg4 4. e3 g6 5. Be2 Bg7 6. c3 O-O 7. h3
Bxf3 8. Bxf3 c6 9. O-O Nbd7 10. Nd2 e5 11. Bg3 Re8 12. Qb3 Qc7 13. c4 Rad8 14.
Rac1 Bh6 15. Rc2 b6 16. Rd1 Re7 17. Qa3 Bf8 18. b4 exd4 19. exd4 Rde8 20. Qc1
c5 21. bxc5 bxc5 22. Rb2 Nb6 23. Nb3 Na4 24. Rbd2 Qb6 25. dxc5 dxc5 26. Rd6
Re1+ 27. Rxe1 Rxe1+ 28. Qxe1 Bxd6 29. Bxd6 Qxd6 30. Qa5 Nb2 31. Qxa7 Nxc4 32.
Qxc5 Qd3 33. Qd4 Qxd4 34. Nxd4 Kf8 35. a4 Ke7 36. Nb3 Kd6 37. Kf1 Ne5 38. Be2
Ne4 39. f4 Nc6 40. Bc4 f5 41. g4 fxg4 42. hxg4 Nf6 43. Be2 Nd5 44. f5 gxf5 45.
gxf5 Ne3+ 46. Kf2 Nxf5 47. Bd3 1/2-1/2

[Event "Detroit (MI Op/4/25)"]
[Site "?"]
[Date "1992.??.??"]
[Round "?"]
[White "Kulbacki, James"]
[Black "Potter, George"]
[Result "1-0"]
[WhiteElo "1990"]
[BlackElo "1815"]
[PlyCount "81"]
[EventDate "1992.??.??"]

{4/(25)} 1. d4 d5 2. Nf3 e6 3. c4 Nf6 4. Nc3 c5 5. cxd5 Nxd5 6. e4 Nb6 7. Be3
cxd4 8. Nxd4 Be7 9. Be2 O-O 10. O-O Bd7 11. Rc1 Bc6 12. Qc2 e5 13. Nf3 N8d7 14.
Rfd1 f6 15. Nd5 Bxd5 16. exd5 Bd6 17. Bd3 h6 18. Nh4 Rc8 19. Bh7+ Kh8 20. Qe4
Rf7 21. Bf5 g5 22. Ng6+ Kg7 23. Rxc8 Nxc8 24. Be6 Ncb6 25. Bxf7 Kxf7 26. h4 h5
27. hxg5 fxg5 28. Bxb6 Nxb6 29. Nxe5+ Bxe5 30. Qxe5 Kg6 31. d6 Nd7 32. Qe4+ Kh6
33. Qxb7 h4 34. Re1 Nc5 35. Qc7 Qf6 36. Qxc5 g4 37. Qe5 Qf8 38. Qe6+ Kh7 39.
Re5 h3 40. Rh5+ Kg7 41. Qh6+ 1-0

[Event "Detroit (MI Op/2/6)"]
[Site "?"]
[Date "1992.??.??"]
[Round "?"]
[White "Kulbacki, James"]
[Black "Noren, Kevin"]
[Result "0-1"]
[WhiteElo "2310"]
[BlackElo "1990"]
[PlyCount "80"]
[EventDate "1992.??.??"]

{2/(6)} 1. e4 c5 2. b3 Nc6 3. Bb2 e5 4. f4 d6 5. Nf3 exf4 6. Bc4 Be6 7. Nc3 Be7
8. O-O Bf6 9. Qe2 Bg4 10. Bb5 Nge7 11. Nd1 Bxb2 12. Nxb2 O-O 13. c3 Ne5 14. d4
cxd4 15. cxd4 Qb6 16. Rad1 a6 17. Bc4 N7c6 18. Qf2 Bxf3 19. gxf3 Ng6 20. Kh1
Qa5 21. Rg1 Qh5 22. Rg4 Nce7 23. Rdg1 h6 24. Nd3 b5 25. Bd5 Nxd5 26. exd5 Qf5
27. Nb4 Rfe8 28. Qc2 Qxc2 29. Nxc2 Re2 30. Nb4 Re3 31. Rf1 Kh7 32. h4 f5 33.
Rg2 Nxh4 34. Rc2 a5 35. Nc6 g5 36. b4 axb4 37. Nxb4 Ra4 38. Rc7+ Kg6 39. Nc6
Rxa2 40. Rd7 Nxf3 0-1

[Event "Detroit (MI Action/4)"]
[Site "?"]
[Date "1992.??.??"]
[Round "?"]
[White "Kulbacki, James"]
[Black "Grams, Paul"]
[Result "1-0"]
[WhiteElo "1965"]
[BlackElo "1800"]
[PlyCount "43"]
[EventDate "1992.??.??"]

1. b4 d5 2. Bb2 Bf5 3. e3 Nd7 4. c4 Ngf6 5. Nc3 e5 6. Qb3 d4 7. exd4 exd4 8.
Nb5 c5 9. Qg3 Qe7+ 10. Kd1 Ne5 11. bxc5 Ne4 12. Qf4 Bg4+ 13. Kc1 Nxc5 14. Qxd4
Nc6 15. Qxg4 Nb4 16. Nh3 Qe1+ 17. Qd1 Nbd3+ 18. Bxd3 Nxd3+ 19. Kc2 Qe4 20. Nc3
Qxc4 21. Qe2+ Be7 22. Qxd3 1-0

[Event "Detroit (MI Action/6)"]
[Site "?"]
[Date "1992.??.??"]
[Round "?"]
[White "Kulbacki, James"]
[Black "Baze, Lineas"]
[Result "0-1"]
[WhiteElo "1965"]
[BlackElo "2100"]
[PlyCount "58"]
[EventDate "1992.??.??"]

1. d4 Nf6 2. c4 g6 3. Nc3 Bg7 4. e4 d6 5. Be2 O-O 6. Bg5 h6 7. Bh4 c5 8. Nf3
cxd4 9. Nxd4 Nc6 10. Nb3 Bd7 11. O-O Rc8 12. f4 Nh7 13. Qd2 f5 14. exf5 Bxf5
15. Nd5 Nf6 16. Nxf6+ Bxf6 17. Bxf6 Rxf6 18. Rad1 Qb6+ 19. Kh1 Rcf8 20. Bf3 Nb4
21. Nc1 h5 22. a3 Nc2 23. Rg1 Qxb2 24. Nd3 Bxd3 25. Qxd3 Nxa3 26. Rge1 e5 27.
fxe5 dxe5 28. Re2 Qd4 29. Qb3 Qc5 0-1

[Event "Detroit (MOR/7/103)"]
[Site "?"]
[Date "1992.??.??"]
[Round "?"]
[White "Krzyston, Joe"]
[Black "Walker, Anthony"]
[Result "0-1"]
[WhiteElo "1605"]
[BlackElo "1605"]
[PlyCount "78"]
[EventDate "1992.??.??"]

{7/(103)} 1. e4 e6 2. d4 d5 3. e5 c5 4. Nf3 Qb6 5. Nc3 Bd7 6. Bd3 cxd4 7. O-O
dxc3 8. b3 Nc6 9. Qe1 d4 10. Ng5 Be7 11. Ne4 f6 12. Qe2 Nxe5 13. Qh5+ g6 14.
Nxf6+ Bxf6 15. Qe2 Ne7 16. Bf4 Nxd3 17. Qxd3 Nd5 18. Bh6 Qb5 19. Qxb5 Bxb5 20.
Rfe1 e5 21. a4 Bd7 22. a5 g5 23. a6 b6 24. g3 O-O-O 25. Re4 Ne7 26. f4 gxf4 27.
gxf4 Nf5 28. fxe5 Nxh6 29. exf6 Rhg8+ 30. Kf1 Rgf8 31. Rf4 Rf7 32. Re1 Rdf8 33.
Rxd4 Rxf6+ 34. Kg2 Rf2+ 35. Kg3 R8f3+ 36. Kh4 Nf5+ 37. Kg5 Nxd4 38. Re7 Rg2+
39. Kh4 Rh3# 0-1

[Event "Lansing (Apr)"]
[Site "?"]
[Date "1992.??.??"]
[Round "?"]
[White "Krzyston, Joe"]
[Black "Stockton, T."]
[Result "1-0"]
[WhiteElo "1605"]
[BlackElo "1605"]
[PlyCount "67"]
[EventDate "1992.??.??"]

1. e4 e5 2. Nf3 Nc6 3. Bc4 Nf6 4. O-O Bc5 5. Nc3 O-O 6. d3 h6 7. Nh4 Nd4 8. Be3
c6 9. Ne2 Nxe2+ 10. Qxe2 Bxe3 11. fxe3 d5 12. exd5 cxd5 13. Bb3 Bg4 14. Qd2 Rc8
15. a3 Qd7 16. c4 Be6 17. Rac1 dxc4 18. Ba2 Ne4 19. Qb4 cxd3 20. Bxe6 Qxe6 21.
Rxc8 Qxc8 22. Qxe4 d2 23. Kf2 Rd8 24. Qb1 Qg4 25. Nf3 Qd7 26. Rd1 Qe7 27. Rxd2
Rxd2+ 28. Nxd2 Qh4+ 29. Kg1 f5 30. Nf3 Qf6 31. Qc2 e4 32. Nd4 Kh7 33. b4 f4 34.
Qxe4+ 1-0

[Event "Detroit (MOR/3/113)"]
[Site "?"]
[Date "1992.??.??"]
[Round "?"]
[White "Krzyston, Joe"]
[Black "Holland, K."]
[Result "1/2-1/2"]
[WhiteElo "1605"]
[BlackElo "1605"]
[PlyCount "135"]
[EventDate "1992.??.??"]

{3/(113)} 1. e4 e5 2. Nf3 Nc6 3. Bb5 a6 4. Ba4 b5 5. Bb3 Bb4 6. c3 Ba5 7. O-O
Nf6 8. d4 d6 9. Bg5 h6 10. Bh4 g5 11. Bg3 Nxe4 12. Nfd2 Nxg3 13. Qf3 f6 14.
fxg3 Bb7 15. Qh5+ Kd7 16. Qf7+ Qe7 17. Qxe7+ Kxe7 18. Ne4 exd4 19. Nxf6 Raf8
20. Nd5+ Kd7 21. Rf7+ Kd8 22. Nf6 Ne5 23. Rxf8+ Rxf8 24. Nh5 Nd3 25. Nd2 Rf2
26. Nf3 dxc3 27. Ng7 g4 28. Nh4 Bb6 29. bxc3 Rxg2+ 30. Kf1 Rg1+ 31. Ke2 Rxa1
32. Ne6+ Kc8 33. Kxd3 Rh1 34. Ng6 Rxh2 35. Ne7+ Kb8 36. Bd5 Bxd5 37. Nxd5 Ba5
38. Nd8 Rh3 39. Nc6+ Kc8 40. Nxa5 Rxg3+ 41. Kd4 c5+ 42. Ke4 Kd7 43. Kf4 Rg1 44.
Nf6+ Ke6 45. Nxg4 h5 46. Nh2 h4 47. Kf3 Rg3+ 48. Kf4 Kf6 49. Nf3 b4 50. c4 Kg6
51. Nxh4+ Kh5 52. Kxg3 Kg5 53. Nf3+ Kf5 54. Nc6 Ke4 55. Nd2+ Kd3 56. Nb3 Kxc4
57. Kf4 Kd5 58. Ne7+ Ke6 59. Nf5 c4 60. Nbd4+ Kd5 61. Ke3 Ke5 62. Kd2 a5 63.
Ke3 a4 64. Ng3 Kd5 65. Nge2 c3 66. Kd3 Kc5 67. Nc2 d5 68. Ned4 1/2-1/2

[Event "Detroit (MOR/1a/51)"]
[Site "?"]
[Date "1992.??.??"]
[Round "?"]
[White "Krzyston, Joe"]
[Black "Burwell, Norman"]
[Result "0-1"]
[WhiteElo "1605"]
[BlackElo "1605"]
[PlyCount "70"]
[EventDate "1992.??.??"]

1. e4 c5 2. c3 e5 3. Nf3 Nc6 4. d4 cxd4 5. cxd4 exd4 6. Nxd4 Bc5 7. Nxc6 bxc6
8. Be3 Bxe3 9. fxe3 Nf6 10. Nc3 O-O 11. Bc4 Qb6 12. Qe2 d6 13. O-O Ng4 14. Nd1
Ne5 15. Bb3 Ba6 16. Qd2 Bxf1 17. Kxf1 Rad8 18. Nf2 c5 19. Bd5 Rd7 20. Kg1 a5
21. a4 c4 22. Rb1 Rc8 23. Nd1 Nd3 24. Qc2 Rdc7 25. e5 Nxe5 26. Nf2 Rc5 27. e4
Rb8 28. h3 Qa7 29. h4 Kf8 30. Nh3 Rxd5+ 31. Kh2 h5 32. exd5 Ng4+ 33. Kg3 Rb3+
34. Qxb3 cxb3 35. Nf4 Qe3# 0-1

[Event "Detroit (MOR/5/110)"]
[Site "?"]
[Date "1992.??.??"]
[Round "?"]
[White "Krzyston, Joe"]
[Black "Aydar, S."]
[Result "1-0"]
[WhiteElo "1605"]
[BlackElo "1605"]
[PlyCount "72"]
[EventDate "1992.??.??"]

{5/(110)} 1. e4 e6 2. Nf3 d5 3. Nc3 Bb4 4. a3 Ba5 5. e5 Bd7 6. d4 Ne7 7. Ng5 h6
8. Nf3 Ng6 9. b4 Bb6 10. Be3 a5 11. b5 c6 12. Bd3 a4 13. O-O O-O 14. Qd2 Be8
15. Ne2 Ba5 16. Qc1 f5 17. c4 Nh8 18. Ng3 Ng6 19. Nh5 Nh4 20. Nf4 Nxf3+ 21.
gxf3 Qg5+ 22. Ng2 Bh5 23. Bxg5 Bxf3 24. Nh4 Bg4 25. Bxh6 Rf7 26. Bf4 Bd8 27.
Ng2 Bf3 28. Nh4 Bxh4 29. Bg3 g5 30. cxd5 cxd5 31. Qc8+ Kg7 32. Qxe6 Nd7 33.
Bxf5 Rxf5 34. Qxf5 Be4 35. Qxd7+ Kh6 36. Bxh4 gxh4 1-0

[Event "East Lansing (MI Am/2)"]
[Site "?"]
[Date "1992.??.??"]
[Round "?"]
[White "Kruskie, Jerry"]
[Black "Stockton, T."]
[Result "1-0"]
[WhiteElo "1835"]
[BlackElo "1605"]
[PlyCount "119"]
[EventDate "1992.??.??"]

1. e4 e5 2. Nf3 Nc6 3. d4 exd4 4. Nxd4 Nf6 5. Nxc6 bxc6 6. Bd3 Bc5 7. Nc3 O-O
8. Bg5 d5 9. exd5 cxd5 10. O-O c6 11. Qf3 Kh8 12. Rae1 h6 13. Bxf6 Qxf6 14.
Qxf6 gxf6 15. Nd1 Rg8 16. Kh1 Bd7 17. Ne3 Bd6 18. Bf5 Be6 19. h3 Be5 20. Bxe6
fxe6 21. b3 Bc3 22. Re2 h5 23. Nd1 Be5 24. f4 Bd4 25. Rxe6 Rae8 26. Rfe1 Rc8
27. c3 Bb6 28. Rxf6 Rg3 29. Rh6+ Kg7 30. Rxh5 Bc7 31. Rg5+ Rxg5 32. fxg5 Kg6
33. Re6+ Kxg5 34. Rxc6 Kf4 35. Rf6+ Kg5 36. Rc6 Kf4 37. Rf6+ Kg5 38. Rf3 Re8
39. Ne3 Bf4 40. Nf1 Re2 41. a4 Rb2 42. g3 Be5 43. g4 Kg6 44. b4 Rc2 45. Rd3
Bxc3 46. Rxd5 Bxb4 47. Ne3 Rc1+ 48. Kg2 Ra1 49. Kf3 Rxa4 50. Rd4 a5 51. Nc2 Kg5
52. Nxb4 axb4 53. Rd5+ Kg6 54. h4 b3 55. Rd6+ Kg7 56. Rb6 Ra3 57. g5 b2+ 58.
Kg4 Ra2 59. Kh5 Kg8 60. Rb7 1-0

[Event "Detroit (MI Op/2/39)"]
[Site "?"]
[Date "1992.??.??"]
[Round "?"]
[White "Kruskie, Jerry"]
[Black "Perry, R."]
[Result "0-1"]
[WhiteElo "1840"]
[BlackElo "1980"]
[PlyCount "86"]
[EventDate "1992.??.??"]

{2/(39)} 1. e4 Nc6 2. Nf3 d5 3. exd5 Qxd5 4. Nc3 Qa5 5. h3 Bf5 6. Bb5 a6 7.
Bxc6+ bxc6 8. O-O Rd8 9. d3 Nf6 10. Bd2 Qc5 11. Qe2 e6 12. Rfe1 Be7 13. Qe5 Qd6
14. Qxd6 cxd6 15. Nd4 Kd7 16. Nxf5 exf5 17. Re2 Rb8 18. Rae1 Rhe8 19. b3 Bf8
20. Bg5 Re6 21. Kf1 Be7 22. a4 h6 23. Bd2 Bd8 24. Re3 Ba5 25. Rf3 Nd5 26. Nxd5
Bxd2 27. Rxe6 fxe6 28. Ke2 Bg5 29. Ne3 Bf6 30. g4 g6 31. gxf5 exf5 32. Rg3 Bg5
33. Nc4 Re8+ 34. Kf1 Re6 35. Ne3 f4 36. Rxg5 hxg5 37. Nc4 d5 38. Nd2 Re8 39.
Nf3 Rh8 40. Kg2 Rh5 41. Ne5+ Kd6 42. Nxg6 Rh6 43. Nf8 Ke7 0-1

[Event "Flint (MI Senior/3)"]
[Site "?"]
[Date "1992.??.??"]
[Round "?"]
[White "Kruskie, Jerry"]
[Black "LaForge, Tom"]
[Result "1-0"]
[WhiteElo "1830"]
[BlackElo "2085"]
[PlyCount "55"]
[EventDate "1992.??.??"]

1. e4 c5 2. Nc3 e6 3. f4 d5 4. Nf3 Nf6 5. Bb5+ Bd7 6. exd5 Bxb5 7. Nxb5 Nxd5 8.
O-O a6 9. Nc3 Be7 10. Ne5 O-O 11. Ne4 f6 12. Nc4 Nc6 13. d3 Nd4 14. Bd2 Qd7 15.
Nc3 Rae8 16. Nxd5 exd5 17. Ne3 Bd8 18. c3 Nc6 19. Qb3 Ne7 20. Rae1 Kh8 21. Nc2
b5 22. Be3 Bb6 23. Qa3 Qa7 24. d4 c4 25. Bf2 a5 26. Re6 Nc8 27. Rfe1 Rxe6 28.
Qxf8# 1-0

[Event "East Lansing (MI Am/5)"]
[Site "?"]
[Date "1992.??.??"]
[Round "?"]
[White "Kruskie, Jerry"]
[Black "Koernke, R."]
[Result "1-0"]
[WhiteElo "1835"]
[BlackElo "1605"]
[PlyCount "67"]
[EventDate "1992.??.??"]

1. e4 c5 2. Nc3 Nc6 3. f4 e6 4. Nf3 d5 5. Bb5 Nge7 6. O-O a6 7. Bxc6+ Nxc6 8.
d3 Be7 9. b3 O-O 10. Bb2 f6 11. Kh1 d4 12. Ne2 e5 13. f5 b5 14. a4 Bb7 15. axb5
axb5 16. Qd2 Qc7 17. g4 h6 18. Nh4 Bd6 19. Ng6 Rfe8 20. Kg2 Na5 21. Ba3 Nc6 22.
Ng3 Ba6 23. Nh5 c4 24. Nxf6+ gxf6 25. Bxd6 Qxd6 26. Qxh6 Red8 27. bxc4 bxc4 28.
Rfb1 Nb4 29. dxc4 Nxc2 30. Rxa6 Ne3+ 31. Kh3 Qxa6 32. Qh8+ Kf7 33. Qh7+ Ke8 34.
Qe7# 1-0

[Event "Detroit (MI Op/7/20)"]
[Site "?"]
[Date "1992.??.??"]
[Round "?"]
[White "Kruskie, Jerry"]
[Black "Kebrdle, M."]
[Result "0-1"]
[WhiteElo "1840"]
[BlackElo "2110"]
[PlyCount "98"]
[EventDate "1992.??.??"]

{7/(20)} 1. e4 c6 2. d4 d5 3. exd5 cxd5 4. c4 Nf6 5. Nc3 g6 6. cxd5 Bg7 7. Bc4
O-O 8. Nge2 Nbd7 9. Nf4 Nb6 10. Bb3 Bf5 11. O-O h6 12. h3 Kh7 13. Re1 a6 14.
Be3 Nc8 15. a4 b6 16. Nd3 Bxd3 17. Qxd3 Nd6 18. Rac1 Nf5 19. Bf4 Nh5 20. Be5
Nf6 21. Bc4 Qc8 22. Na2 Qd7 23. Nc3 Qb7 24. Re2 Rfd8 25. b3 Rd7 26. Rce1 Nd6
27. Bxd6 exd6 28. Qf3 Ng8 29. Qf4 Nf6 30. Qf3 Ra7 31. Ne4 Nxe4 32. Qxe4 Qb8 33.
Qd3 Qb7 34. Re8 Bf6 35. g3 Re7 36. R8xe7 Bxe7 37. h4 h5 38. Qf3 Kg7 39. Kg2 Qc8
40. Qe2 Qb7 41. Kh3 Bf6 42. Qd3 b5 43. axb5 axb5 44. Bxb5 Qxd5 45. Rd1 Qe6+ 46.
Kg2 Rb7 47. d5 Qg4 48. Bc6 Rb4 49. Kh2 Rd4 0-1

[Event "Detroit (MI Op/4/33)"]
[Site "?"]
[Date "1992.??.??"]
[Round "?"]
[White "Kruskie, Jerry"]
[Black "Jarosz, Stan"]
[Result "1-0"]
[WhiteElo "1840"]
[BlackElo "2000"]
[PlyCount "153"]
[EventDate "1992.??.??"]

{4/(33)} 1. e4 c5 2. Nc3 Nc6 3. f4 d6 4. Nf3 g6 5. Bc4 Bg7 6. O-O e6 7. f5 exf5
8. d3 Nge7 9. Qe1 O-O 10. Qh4 Nd4 11. Bb3 Nec6 12. Bg5 Qa5 13. Bh6 Nxf3+ 14.
Rxf3 Re8 15. Bxg7 Kxg7 16. Rh3 h5 17. Rf1 Qd8 18. Qg3 Nd4 19. Rxh5 Nxb3 20.
axb3 Rh8 21. Rg5 Kf8 22. Qf4 a6 23. exf5 Bxf5 24. g4 Be6 25. Rxg6 Qd7 26. Ne4
Rh4 27. Rg8+ Kxg8 28. Nf6+ Kh8 29. Nxd7 Rxg4+ 30. Qxg4 Bxg4 31. Rxf7 Kg8 32.
Re7 Bd1 33. Nb6 Rf8 34. c3 Rf7 35. Re6 Bxb3 36. Rxd6 Bc2 37. d4 cxd4 38. Rxd4
Bf5 39. Kg2 Rg7+ 40. Kf2 Rh7 41. h4 Rg7 42. Kf3 Bh3 43. Kf4 Bg2 44. Rd8+ Kh7
45. Rd7 Bc6 46. Rxg7+ Kxg7 47. Kg5 Be4 48. h5 Bc6 49. Nc4 Bd5 50. h6+ Kh7 51.
Ne5 Be4 52. Ng4 Bd3 53. Nf6+ Kh8 54. Kf4 a5 55. Ke3 Bg6 56. Kd4 b5 57. Kc5 Bd3
58. Kb6 a4 59. Ka5 Bf1 60. Kb4 Be2 61. Ne4 Kh7 62. Nd6 Kxh6 63. Nxb5 Kg6 64.
Kxa4 Kf6 65. Kb4 Ke7 66. Kc5 Kd7 67. Nd4 Bd3 68. b4 Kc7 69. c4 Bf1 70. b5 Kb7
71. Kb4 Bd3 72. c5 Bf1 73. Ka5 Bd3 74. c6+ Kc7 75. b6+ Kb8 76. Nb5 Be4 77. c7+
1-0

[Event "Flint (MI Senior/1)"]
[Site "?"]
[Date "1992.??.??"]
[Round "?"]
[White "Kruskie, Jerry"]
[Black "Duncan, Robert"]
[Result "1/2-1/2"]
[WhiteElo "1830"]
[BlackElo "1605"]
[PlyCount "92"]
[EventDate "1992.??.??"]

1. e4 Nf6 2. Nc3 d6 3. Nf3 Bg4 4. h3 Bh5 5. Bc4 c6 6. d3 b5 7. Bb3 a5 8. a3 Na6
9. g4 Bg6 10. Nh4 Nd7 11. f4 f6 12. Nxg6 hxg6 13. Be3 Ndc5 14. Ba2 e5 15. Qd2
Nd7 16. f5 g5 17. Qf2 Nac5 18. h4 gxh4 19. Rxh4 Rxh4 20. Qxh4 Qe7 21. Qh5+ Kd8
22. Ne2 Kc7 23. O-O-O b4 24. g5 Rb8 25. axb4 axb4 26. gxf6 gxf6 27. Qf7 b3 28.
Qxe7 Bxe7 29. cxb3 Nxb3+ 30. Bxb3 Rxb3 31. Kc2 Rb8 32. Nc3 Rg8 33. Rg1 Rxg1 34.
Bxg1 Bf8 35. Be3 Bg7 36. Kb3 Kb7 37. Kc4 Nb6+ 38. Bxb6 Kxb6 39. b4 Bh6 40. b5
Bd2 41. bxc6 Bxc3 42. Kxc3 Kxc6 43. Kc4 Kc7 44. d4 Kc6 45. d5+ Kb6 46. Kb4 Ka6
1/2-1/2

[Event "Lansing (Apr)"]
[Site "?"]
[Date "1992.??.??"]
[Round "?"]
[White "Kreucher, K."]
[Black "Vaughn, Gerald"]
[Result "0-1"]
[WhiteElo "1605"]
[BlackElo "1605"]
[PlyCount "38"]
[EventDate "1992.??.??"]

1. e4 c5 2. d4 cxd4 3. c3 d6 4. Nf3 Bg4 5. cxd4 a6 6. h3 Qa5+ 7. Bd2 Qh5 8. Qc2
Nc6 9. Be2 Nf6 10. Qa4 e6 11. Rg1 Bxh3 12. gxh3 Nxe4 13. Ne5 Qh4 14. Ng4 h5 15.
Nc3 Nxd2 16. Kxd2 hxg4 17. d5 exd5 18. Nxd5 Qg5+ 19. f4 Qxd5+ 0-1

[Event "Lansing (Aug)"]
[Site "?"]
[Date "1992.??.??"]
[Round "?"]
[White "Koster, Ed"]
[Black "Stigter, J."]
[Result "1/2-1/2"]
[WhiteElo "2150"]
[BlackElo "2080"]
[PlyCount "72"]
[EventDate "1992.??.??"]

1. Nf3 f5 2. g3 Nf6 3. Bg2 d6 4. d4 e6 5. c4 Be7 6. Nc3 O-O 7. O-O Qe8 8. Qc2
Nc6 9. e4 Qh5 10. exf5 e5 11. dxe5 dxe5 12. Bg5 Nd4 13. Nxd4 exd4 14. Nd5 Bd8
15. Bxf6 gxf6 16. Be4 c6 17. Nf4 Qf7 18. Rad1 Bc7 19. Ne6 Bxe6 20. fxe6 Qh5 21.
Bf5 c5 22. Rfe1 Bd6 23. Qe4 Rfe8 24. Qd5 Be7 25. g4 Qg5 26. Rd3 h5 27. Re4 h4
28. f4 Qh6 29. Re2 Qxf4 30. Qxb7 Rab8 31. Qf3 Qc1+ 32. Kg2 Rxb2 33. Rxb2 Qxb2+
34. Qf2 Qxf2+ 35. Kxf2 Rb8 36. Rh3 Rb2+ 1/2-1/2

[Event "Ann Arbor (MI Inv Pre/1)"]
[Site "?"]
[Date "1992.??.??"]
[Round "?"]
[White "Koster, Ed"]
[Black "O'Donnell, Robert"]
[Result "0-1"]
[WhiteElo "2160"]
[BlackElo "2250"]
[PlyCount "60"]
[EventDate "1992.??.??"]

1. e4 c5 2. Nf3 d6 3. d4 cxd4 4. Nxd4 Nf6 5. Nc3 Nc6 6. Bg5 e6 7. Qd2 Be7 8.
O-O-O O-O 9. Nb3 Qb6 10. f3 Rd8 11. Be3 Qc7 12. Qf2 Nd7 13. Nb5 Qb8 14. g4 a6
15. N5d4 Nce5 16. g5 Qc7 17. h4 b5 18. Kb1 Nc4 19. Bxc4 bxc4 20. Na5 Ne5 21.
Qd2 Rb8 22. Qc3 Bd7 23. f4 Ng4 24. Bg1 Rdc8 25. Qg3 e5 26. Nf5 Bxf5 27. exf5
Qxa5 28. b3 cxb3 29. cxb3 Rc2 30. Kxc2 Qxa2+ 0-1

[Event "Ann Arbor (MI Inv Pre/3)"]
[Site "?"]
[Date "1992.??.??"]
[Round "?"]
[White "Koster, Ed"]
[Black "Norcross, John"]
[Result "1/2-1/2"]
[WhiteElo "2160"]
[BlackElo "2200"]
[PlyCount "89"]
[EventDate "1992.??.??"]

1. e4 e5 2. Nf3 Nc6 3. Bb5 f5 4. Nc3 fxe4 5. Nxe4 d5 6. Nxe5 dxe4 7. Nxc6 Qg5
8. Qe2 Nf6 9. f4 Qxf4 10. d4 Qd6 11. Ne5+ c6 12. Bc4 Be6 13. c3 Be7 14. O-O O-O
15. Bf4 Bxc4 16. Nxc4 Qe6 17. b3 Nd5 18. Bd2 Bf6 19. Ne3 Rae8 20. c4 Nxe3 21.
Bxe3 Rd8 22. Rad1 Rf7 23. Rd2 Rfd7 24. Rfd1 Qf5 25. Qf2 Qg6 26. d5 Qh5 27. Qe2
Qxe2 28. Rxe2 cxd5 29. Rxd5 Rxd5 30. cxd5 b6 31. Rd2 Be5 32. h3 Bg3 33. Kf1 Rc8
34. Rd4 Rd8 35. Ke2 Be5 36. Rd1 Bd6 37. a4 h6 38. Bd4 Bf4 39. Bb2 Rc8 40. Ba3
Rc2+ 41. Kf1 e3 42. Re1 Rd2 43. d6 Bxd6 44. Bxd6 Rxd6 45. Rxe3 1/2-1/2

[Event "Lansing (Aug)"]
[Site "?"]
[Date "1992.??.??"]
[Round "?"]
[White "Koster, Ed"]
[Black "Fuller, William"]
[Result "0-1"]
[WhiteElo "2150"]
[BlackElo "2030"]
[PlyCount "64"]
[EventDate "1992.??.??"]

1. Nf3 d5 2. d4 Nf6 3. c4 e6 4. g3 b6 5. Bg2 Bb7 6. Ne5 Bb4+ 7. Bd2 Bxd2+ 8.
Qxd2 O-O 9. Nc3 c5 10. O-O Qe7 11. cxd5 exd5 12. Rfd1 Rd8 13. Rac1 Nbd7 14.
Nxd7 Rxd7 15. dxc5 bxc5 16. Na4 Rc7 17. Qa5 Rac8 18. e3 h5 19. Nc3 Qe6 20. Ne2
Qb6 21. Qa3 g5 22. b3 Qe6 23. Nc3 h4 24. Na4 hxg3 25. hxg3 Qf5 26. Nxc5 Ng4 27.
Rd2 Rxc5 28. Rxc5 Qb1+ 29. Bf1 Rxc5 30. Qxc5 Ba6 31. Rd3 Bxd3 32. Qc8+ Kh7 0-1

[Event "Ann Arbor (HVA/5/5)"]
[Site "?"]
[Date "1992.??.??"]
[Round "?"]
[White "Kosanovich, M."]
[Black "June, Brian"]
[Result "0-1"]
[WhiteElo "1795"]
[BlackElo "1880"]
[PlyCount "120"]
[EventDate "1992.??.??"]

{5/(5)} 1. d4 d5 2. c4 e6 3. Nc3 Nf6 4. Nf3 Be7 5. Bg5 O-O 6. e3 b6 7. cxd5
exd5 8. Bd3 c5 9. O-O Nc6 10. dxc5 bxc5 11. Bxf6 Bxf6 12. Nxd5 Bxb2 13. Rb1 Be6
14. Nf4 Bf6 15. Nxe6 fxe6 16. Qc2 h6 17. Be4 Rc8 18. Qxc5 Be7 19. Qc4 Qd6 20.
Rbd1 Ne5 21. Rxd6 Nxc4 22. Rxe6 Bf6 23. Bd5 Kh8 24. e4 Nb6 25. Rc6 Rcd8 26. Rd1
Rfe8 27. Rc7 Rxe4 28. Rxa7 Rxd5 29. Rxd5 Nxd5 30. a4 Re2 31. g3 Ra2 32. Ra8+
Kh7 33. a5 Bc3 34. a6 Bb4 35. Rd8 Nc7 36. Ne5 Rxa6 37. f4 Ra2 38. f5 Ra8 39.
Rd7 Ne8 40. g4 Nf6 41. Rb7 Bc3 42. Nd7 Nxg4 43. h3 Nf6 44. Rc7 Nxd7 45. Rxc3
Ra2 46. Rc7 Nf6 47. Re7 h5 48. Re5 Kh6 49. Re3 Ra5 50. Rf3 Ne4 51. Rf4 Ng3 52.
Kg2 Nxf5 53. h4 Kg6 54. Kf3 Re5 55. Kf2 Kf6 56. Kf3 Re3+ 57. Kf2 Rh3 58. Ra4
Rxh4 59. Ra5 Rf4+ 60. Kg2 Kg5 0-1

[Event "East Lansing (MI Am/4)"]
[Site "?"]
[Date "1992.??.??"]
[Round "?"]
[White "Kohler, J."]
[Black "Kane, Paul"]
[Result "1-0"]
[WhiteElo "1605"]
[BlackElo "1605"]
[PlyCount "34"]
[EventDate "1992.??.??"]

1. e4 e5 2. Nf3 Nf6 3. Nc3 Bb4 4. Bc4 Nc6 5. Ng5 d5 6. exd5 Na5 7. Bb3 Nxb3 8.
axb3 O-O 9. O-O Bg4 10. Nf3 Bxc3 11. bxc3 e4 12. h3 Bh5 13. g4 Nxg4 14. hxg4
Bxg4 15. Bb2 Bxf3 16. Qe1 Qg5+ 17. Kh2 Qg2# 1-0

[Event "East Lansing (MI Am/2)"]
[Site "?"]
[Date "1992.??.??"]
[Round "?"]
[White "Kohler, J."]
[Black "Arganian, David H"]
[Result "0-1"]
[WhiteElo "1605"]
[BlackElo "1810"]
[PlyCount "94"]
[EventDate "1992.??.??"]

1. e4 e5 2. Nf3 Nc6 3. Bc4 Nf6 4. d4 exd4 5. Nxd4 Nxe4 6. Nxc6 bxc6 7. Qe2 Qe7
8. Bf4 d5 9. Bd3 Nd6 10. Qxe7+ Bxe7 11. Nc3 O-O 12. O-O-O Rb8 13. Rhe1 Bf6 14.
Be5 Bxe5 15. Rxe5 Re8 16. Rxe8+ Nxe8 17. Re1 Kf8 18. h4 h6 19. f3 Nd6 20. g4 f5
21. g5 Rb4 22. gxh6 gxh6 23. Rh1 d4 24. a3 Rb8 25. Ne2 c5 26. Rg1 c4 27. Bxc4
Nxc4 28. Nxd4 Nxb2 29. Nc6 Rb6 30. Rg6 Nc4 31. Rxh6 Kg7 32. Rg6+ Kxg6 33. Ne7+
Kh5 34. Nxc8 Kxh4 35. Nxb6 axb6 36. Kd1 Kg3 37. Ke2 Nxa3 38. c3 b5 39. Ke3 f4+
40. Ke2 Nc4 41. Kf1 Kxf3 42. Ke1 Kg2 43. Kd1 f3 44. Kc2 f2 45. Kb3 c5 46. Kc2
f1=Q 47. Kb3 Qb1# 0-1

[Event "Detroit (MI Op/5/43)"]
[Site "?"]
[Date "1992.??.??"]
[Round "?"]
[White "Koger, Melvin"]
[Black "Raupp, Kenneth L"]
[Result "1/2-1/2"]
[WhiteElo "1850"]
[BlackElo "1625"]
[PlyCount "134"]
[EventDate "1992.??.??"]

{5/(43)} 1. d4 f5 2. e4 fxe4 3. Nc3 Nf6 4. Bg5 d5 5. Bxf6 exf6 6. Qh5+ g6 7.
Qxd5 Qxd5 8. Nxd5 Bd6 9. Nxf6+ Kf7 10. Nxe4 Re8 11. f3 Bf5 12. Bd3 Nc6 13.
O-O-O Bf4+ 14. Kb1 Nxd4 15. Bc4+ Ne6 16. Ne2 Be5 17. Rd7+ Re7 18. Ng5+ Ke8 19.
Rxe7+ Kxe7 20. Nxe6 Bxe6 21. Bd3 Rd8 22. Re1 Kf6 23. f4 Bd6 24. g3 Re8 25. Rc1
c5 26. Bb5 Re7 27. Nc3 a6 28. Ne4+ Kg7 29. Nxd6 axb5 30. Nxb5 Bd7 31. Nc3 Bc6
32. b3 Re3 33. Kb2 Rf3 34. Re1 Rf2 35. Re2 Rf1 36. a4 Bf3 37. Rd2 Re1 38. Nb5
Rd1 39. Rxd1 Bxd1 40. Nd6 Bf3 41. Kc3 Bd5 42. Nc4 Kf6 43. Ne3 Be6 44. Kb2 Ke7
45. c3 Kd6 46. b4 cxb4 47. cxb4 Bd7 48. a5 Kc6 49. Kc3 Kb5 50. Nc4 Bh3 51. Ne5
Bg2 52. Nd7 h5 53. Ne5 Be4 54. h3 Bf5 55. g4 hxg4 56. hxg4 Be4 57. Nc4 Bf3 58.
Ne3 Be4 59. f5 gxf5 60. gxf5 b6 61. axb6 Kxb6 62. f6 Bg6 63. Kc4 Bf7+ 64. Nd5+
Kc6 65. b5+ Kd6 66. b6 Bxd5+ 67. Kb5 Ke6 1/2-1/2

[Event "Flint (Class B/1)"]
[Site "?"]
[Date "1992.??.??"]
[Round "?"]
[White "Koger, Melvin"]
[Black "Pope, Nick"]
[Result "1-0"]
[WhiteElo "1760"]
[BlackElo "1670"]
[PlyCount "75"]
[EventDate "1992.??.??"]

1. d4 d5 2. c4 Nc6 3. Nc3 dxc4 4. e3 e6 5. Bxc4 Bb4 6. Nf3 Nf6 7. O-O O-O 8.
Qc2 Re8 9. Rd1 Qe7 10. a3 Bxc3 11. bxc3 e5 12. Ng5 Nd8 13. a4 e4 14. Ba3 Qd7
15. Nh3 Qc6 16. Bb5 Qd5 17. Nf4 Qf5 18. Bxe8 Nxe8 19. c4 Nf6 20. d5 g5 21. Ne2
h5 22. Be7 Bd7 23. Bxf6 Qxf6 24. Qxe4 c6 25. Nd4 cxd5 26. cxd5 Rc8 27. Rac1
Rxc1 28. Rxc1 Bxa4 29. Ra1 b5 30. Qe8+ Kh7 31. Qd7 a5 32. Rc1 Kg6 33. Rc8 Kh7
34. Qxd8 Qxd8 35. Rxd8 b4 36. Rb8 Kg6 37. d6 Kf6 38. Rb7 1-0